000 00356 a2200169 4500
001 188462
020 _a85-16-03545-X
040 _cMagnum
100 _aCarrasco, Walcyr
240 1 0 _aO garoto da novela
_lpor
245 1 0 _aO garoto da novela
300 _a160
362 0 _a2009
440 1 _aModerna
697 _aLITERATURA JUVENIL
942 _cBK
999 _c188462
_d188462